|
|
|
|
| LEADER |
00000nkm a2200000 a 4500 |
| 001 |
vtls011552205 |
| 003 |
SK-MaSNL |
| 005 |
20260301042009.0 |
| 007 |
kf bo |
| 008 |
231214s1949 xo |g||||| |00 kuslo |
| 015 |
|
|
|a SNBG
|
| 035 |
|
|
|a urn:nbn:sk:snk-km00bjvd
|
| 035 |
|
|
|a urn:nbn:sk:snk-km3lmge
|
| 035 |
|
|
|a 16BE2A78-E012-4C6C-BE82-D8782F32B0EC
|
| 040 |
|
|
|a SNK
|b slo
|c SNK
|e AACR2
|
| 041 |
0 |
|
|a slo
|
| 043 |
|
|
|a e-xo---
|
| 044 |
|
|
|a xo
|c SK
|
| 080 |
|
|
|a 908(437.6)
|2 2011
|
| 080 |
|
|
|a 640.42
|2 2011
|
| 080 |
|
|
|a (084.121)
|2 2011
|
| 080 |
|
|
|a (437.6)
|2 2011
|
| 245 |
0 |
0 |
|a Vysoké Tatry
|h grafika
|b Tatr. Lomnica 900 m n m : Pension "Spišský domov"
|
| 260 |
|
|
|a [Bratislava]
|b Tatran
|c 1949
|
| 300 |
|
|
|a 1 pohľadnica
|b čiernobiela
|c 9 x 14 cm
|
| 610 |
2 |
7 |
|a Penzión Spišský domov (Tatranská Lomnica, Slovensko)
|2 SNKKA
|9 344569
|
| 651 |
|
7 |
|a Vysoké Tatry (Poľsko a Slovensko : pohorie)
|2 SNKPHgeo
|9 67729
|
| 651 |
|
7 |
|a Tatranská Lomnica (Vysoké Tatry, Slovensko)
|2 SNKPH
|9 160914
|
| 655 |
|
7 |
|a miestne pohľadnice
|2 SNKPH
|9 70510
|
| 852 |
|
|
|a Slovenská národná knižnica
|
| 958 |
|
|
|a GC
|
| 958 |
|
|
|a GBN
|
| 958 |
|
|
|a OND
|
| 999 |
|
|
|c 589913
|d 591843
|
| 952 |
|
|
|a SNK
|b SNK
|y PREZ
|7 0
|p 17A1178663
|o snkSP 5003
|0 0
|1 0
|4 0
|d 2016-05-13
|f 1
|l 0
|r 2026-02-23 15:21:15
|w 2026-02-23
|